[Event "45th Olympiad 2024"]
[Site "Budapest HUN"]
[Date "2024.09.16"]
[Round "6.18"]
[Board "1"]
[White "Keymer, Vincent"]
[Black "Gascon Del Nogal, Jose Rafael"]
[Result "1-0"]
[WhiteElo "2730"]
[BlackElo "2454"]
[PlyCount "55"]
[EventDate "2024.09.11"]
[WhiteTeam "Germany"]
[BlackTeam "Venezuela"]
[WhiteTeamCountry "GER"]
[BlackTeamCountry "VEN"]

1. c4 e6 2. Nc3 d5 3. d4 h6 4. cxd5 exd5 5. Bf4 c6 6. e3 Bf5 7. Nge2 ({RR} 7. Bd3 Bxd3 8. Qxd3 Nf6 9. Nge2 Nbd7 10. O-O Be7 11. Ng3 O-O 12. f3 c5 13. Nf5 Re8 14. Rad1 Bf8 15. Nb5 Nh5 16. Bd6 Qb6 17. Bxf8 Rxf8 18. Ne7+ Kh8 19. Nxd5 Qc6 20. Nbc3 Rad8 21. e4 a6 {1-0 Giri,A (2764)-Nihal,S (2670) chess.com SpeedChess 2022 (1.25)}) ({RR} 7. Nf3 Nf6 8. Bd3 Bxd3 9. Qxd3 Nbd7 10. O-O Be7 11. h3 O-O 12. Bh2 Re8 13. Nh4 Ng4 14. hxg4 Bxh4 15. Rae1 Be7 16. Qf5 Nf6 17. Be5 Qc8 18. f3 Qxf5 19. gxf5 Nd7 20. Bg3 Nb6 21. e4 dxe4 {1-0 Keymer,V (2696)-Nihal,S (2670) World Blitz 2022 (13.10)}) 7... Nd7 $146 ({RR} 7... Bd6 8. Bxd6 Qxd6 9. Ng3 Bg6 10. h4 Ne7 11. h5 Bh7 12. Bd3 Bxd3 13. Qxd3 Nd7 14. O-O-O O-O-O 15. Nge2 Kb8 16. f3 Rhe8 17. Qc2 Nb6 18. b3 a6 19. Kb1 Nec8 20. e4 f6 21. Qc1 Qb4 22. Qb2 {0-1 Bluebaum,M (2663)-Deac,B (2700) PRO League Prelim 2023 (2.4)}) ({RR} 7... Bd6 8. Ng3 Bg6 9. Bxd6 Qxd6 10. Qb3 b6 11. Rd1 Nf6 12. Bd3 Bxd3 13. Rxd3 O-O 14. O-O Re8 15. Re1 Nbd7 16. Rdd1 h5 17. f3 Qe6 18. Qc2 c5 19. Nf1 g6 20. Rd2 Qc6 21. Red1 c4 22. Re2 {½-½ Dubkov,A (2340)-Lafkidis,A (1978) 17th Paleochora Open 2024 (3.13)}) ({RR} 7... Bd6 8. Ng3 Bg6 9. Bd3 Bxf4 10. exf4 Bxd3 11. Qxd3 Nf6 12. Qe3+ Qe7 13. Nf5 Qxe3+ 14. fxe3 O-O 15. h3 Nbd7 16. g4 Nb6 17. Kf2 Rfe8 18. b3 Rad8 19. Rhg1 Nc8 20. g5 hxg5 21. Rxg5 g6 22. Rag1 {1-0 Sarana,A (2693)-Nihal,S (2694) chess.com SpeedChess 2023 (1.2)}) ({RR} 7... Bd6 8. Ng3 Bg6 9. Bxd6 Qxd6 10. Bd3 Bxd3 11. Qxd3 Ne7 12. O-O O-O 13. b4 Nd7 14. b5 c5 15. dxc5 Qxc5 16. Rfd1 Nf6 17. Rac1 Rac8 18. Nce2 Qb4 19. a3 Qa4 20. Nd4 Rxc1 21. Rxc1 Rc8 22. Rxc8+ {0-1 Assaubayeva,B (2469)-Paehtz,E (2471) FIDE World Cup Women 2023 (3.2)}) 8. h4 Qb6 9. Qd2 Ngf6 10. f3 h5 11. Ng3 Bg6 12. O-O-O Bb4 13. Bd3 O-O 14. Bxg6 fxg6 15. Nge2 Rfe8 16. Qd3 Nf8 17. a3 Be7 18. Bg5 Qb3 19. Nf4 Rac8 20. Rd2 Kf7 21. e4 c5 22. Ncxd5 Qa2 23. Nxe7 cxd4+ 24. Nxc8 Rxc8+ 25. Rc2 Qa1+ 26. Kd2 Rxc2+ 27. Kxc2 Qxh1 28. e5 1-0

[Event "45th Olympiad 2024"]
[Site "Budapest HUN"]
[Date "2024.09.16"]
[Round "6.70"]
[White "Ynojosa Aponte, Felix Jose"]
[Black "Kollars, Dmitrij"]
[Result "0-1"]
[WhiteElo "2398"]
[BlackElo "2659"]
[PlyCount "60"]
[EventDate "2024.09.11"]
[WhiteTeam "Venezuela"]
[BlackTeam "Germany"]
[WhiteTeamCountry "VEN"]
[BlackTeamCountry "GER"]

1. c4 e5 2. Nc3 Bb4 3. Qc2 Nf6 4. e3 O-O 5. a3 Bxc3 6. Qxc3 Re8 7. Nf3 ({RR} 7. b4 a5 8. b5 d6 9. d3 c6 10. bxc6 bxc6 11. Nf3 c5 12. Be2 Nc6 13. O-O Rb8 14. Nd2 Bf5 15. Bf3 Rb6 16. Bxc6 Rxc6 17. e4 Bd7 18. f4 exf4 19. Bb2 Rb6 20. Rxf4 Qb8 21. Rxf6 gxf6 {½-½ Eingorn,V (2601)-Sasikiran,K (2569) FIDE-Wch k.o. 2001 (1.2)}) 7... d5 8. cxd5 Nxd5 9. Qc2 Nc6 $146 ({RR} 9... a5 10. b3 Qd6 11. Bb2 h6 12. Rc1 Nc6 13. Bc4 e4 14. Nd4 Nxd4 15. Bxd4 Bf5 16. O-O c5 17. Ba1 b6 18. Qb2 f6 19. f3 Kh7 20. Qc2 Qd7 21. Qd1 Rad8 22. Qe2 Nc7 23. fxe4 Bxe4 24. d4 {1-0 Gelman,A-Glek,I (2545) Katowice Fibak op 1993 (2)}) 10. Bd3 g6 11. Bb5 Bd7 12. Bc4 Nb6 13. Bd3 Qe7 14. Be4 Nd8 15. b3 f5 16. Bd3 Nf7 17. Bb2 c5 18. h4 h5 19. Ng5 Nxg5 20. hxg5 Qxg5 21. O-O-O Rac8 22. f4 Qe7 23. g4 c4 24. Bxc4+ Nxc4 25. bxc4 b5 26. gxh5 Rxc4 27. Qxc4+ bxc4 28. Rdg1 c3 29. Bxc3 Ba4 30. Rxg6+ Kh7 0-1

[Event "45th Olympiad 2024"]
[Site "Budapest HUN"]
[Date "2024.09.16"]
[Round "6.18"]
[Board "3"]
[White "Bluebaum, Matthias"]
[Black "Escalona Landi, Samid Eduardo"]
[Result "1-0"]
[WhiteElo "2640"]
[BlackElo "2305"]
[PlyCount "107"]
[EventDate "2024.09.11"]
[WhiteTeam "Germany"]
[BlackTeam "Venezuela"]
[WhiteTeamCountry "GER"]
[BlackTeamCountry "VEN"]

1. c4 Nf6 2. Nc3 g6 3. e4 d6 4. d4 Bg7 5. Be2 O-O 6. Nf3 e5 7. d5 Nbd7 8. Be3 Ng4 9. Bg5 f6 10. Bc1 f5 11. Ng5 Nc5 ({RR} 11... h6 12. Ne6 Qe8 13. Nxf8 Qxf8 14. O-O f4 15. Bxg4 Nb6 16. Bxc8 Rxc8 17. b3 g5 18. Qg4 Nd7 19. Qxd7 Rd8 20. Qe6+ Kh8 21. Bd2 Re8 22. Qf5 Qe7 23. Rad1 c6 24. dxc6 bxc6 25. c5 d5 26. exd5 {1-0 Gunina,V (2439)-Robson,C (1728) Swiss Queens Wed #15 2024 (1.24)}) 12. b4 Na6 13. Rb1 Nf6 14. O-O $146 ({RR} 14. Ne6 Bxe6 15. dxe6 Qe7 16. exf5 gxf5 17. Nd5 Nxd5 18. cxd5 Rac8 19. O-O Nb8 20. b5 Kh8 21. a4 c6 22. bxc6 bxc6 23. Ba3 Rfd8 24. Bc4 cxd5 25. Qxd5 Nc6 26. Kh1 Qc7 27. Bb5 Bh6 28. Rfd1 Ne7 {1-0 Hejazipour,M (2351)-Hashemi,S (1903) Asia zt 3.1 (Women) 2017 (7)}) 14... Qe7 15. c5 dxc5 16. d6 Qxd6 17. b5 Nb8 18. Bc4+ Kh8 19. Nf7+ Rxf7 20. Bxf7 Qe7 21. Bb3 f4 22. Nd5 Qd6 23. Nxf6 Bxf6 24. Qc2 Nd7 25. Rd1 Qf8 26. Bb2 a6 27. a4 a5 28. Rd3 Kg7 29. Rbd1 Qe7 30. Qd2 Nf8 31. Bd5 Ne6 32. Bxb7 Bxb7 33. Rd7 Nd4 34. Rxe7+ Bxe7 35. Qd3 Bd6 36. f3 Ne6 37. Qc4 Kf6 38. Bc3 h5 39. h4 Nd4 40. Kh2 Ke7 41. Bb2 Rf8 42. Ba3 Ne6 43. Rd5 Bxd5 44. exd5 Nd4 45. Bxc5 Rf5 46. b6 cxb6 47. Bxb6 Rf8 48. Bxa5 Nf5 49. Bb4 Bxb4 50. Qxb4+ Nd6 51. Qc3 Nf7 52. Qc7+ Kf6 53. a5 Rd8 54. a6 1-0

[Event "45th Olympiad 2024"]
[Site "Budapest HUN"]
[Date "2024.09.16"]
[Round "6.18"]
[Board "4"]
[White "Castro Torres, Jose Luis"]
[Black "Donchenko, Alexander"]
[Result "0-1"]
[WhiteElo "2299"]
[BlackElo "2638"]
[PlyCount "108"]
[EventDate "2024.09.11"]
[WhiteTeam "Venezuela"]
[BlackTeam "Germany"]
[WhiteTeamCountry "VEN"]
[BlackTeamCountry "GER"]

1. e4 c6 2. d4 d5 3. Nc3 dxe4 4. Nxe4 Bf5 5. Ng3 Bg6 6. Nf3 Nd7 7. h4 h6 8. h5 Bh7 9. Bd3 Bxd3 10. Qxd3 e6 11. Bf4 Qa5+ 12. Bd2 Bb4 13. c3 Be7 14. c4 Qc7 15. Ne4 Ngf6 16. O-O-O b5 17. Nxf6+ Nxf6 18. Kb1 bxc4 19. Qxc4 O-O 20. Rc1 Rfc8 21. g4 Ne4 22. Be3 Qb7 23. g5 $146 ({RR} 23. Rhd1 Rab8 24. Rc2 c5 25. d5 exd5 {0-1 Britton,R (2229)-Swapnil,S (2409) Hastings Masters op 86th 2010 (4)}) 23... hxg5 24. h6 Bf6 25. Ne5 g6 26. Nxg6 c5 27. h7+ Kg7 28. h8=Q+ Rxh8 29. Nxh8 cxd4 30. Qc7 Nc3+ 31. Rxc3 Qxh1+ 32. Rc1 Qe4+ 33. Ka1 Rxh8 34. Bd2 Rh1 35. a4 Rxc1+ 36. Qxc1 d3 37. a5 Kg6 38. Qc8 Qa4+ 39. Kb1 Qd1+ 40. Qc1 Qb3 41. Be3 a6 42. Qd2 g4 43. Bf4 Bd4 44. Bg3 e5 45. Bh4 f6 46. Kc1 e4 47. Kb1 Kh5 48. Bg3 f5 49. Qc1 Qc2+ 50. Qxc2 dxc2+ 51. Kxc2 Kg5 52. Bc7 Bxf2 53. Kd2 g3 54. Ke2 f4 0-1

[Event "45th Olympiad 2024"]
[Site "Budapest HUN"]
[Date "2024.09.16"]
[Round "6.19"]
[Board "1"]
[White "Cheparinov, Ivan"]
[Black "Amartuvshin, Ganzorig"]
[Result "1-0"]
[WhiteElo "2628"]
[BlackElo "2402"]
[PlyCount "49"]
[EventDate "2024.09.11"]
[WhiteTeam "Bulgaria"]
[BlackTeam "Mongolia"]
[WhiteTeamCountry "BUL"]
[BlackTeamCountry "MGL"]

1. e4 e5 2. Bc4 Nc6 3. Nf3 Bc5 4. d3 Nf6 5. c3 a6 6. O-O Ba7 7. a4 O-O 8. Re1 d6 9. h3 h6 10. Nbd2 Re8 11. b4 Be6 12. Bxe6 Rxe6 13. Qc2 b5 $146 ({RR} 13... Qd7 14. Rb1 Rd8 15. b5 Ne7 16. d4 Ng6 17. d5 Ree8 18. c4 Bc5 19. Nb3 Bb4 20. Bd2 Bxd2 21. Nfxd2 b6 22. a5 axb5 23. cxb5 Qxb5 24. Nd4 Qxa5 25. Nc6 Qc5 26. Qxc5 dxc5 27. Nxd8 Rxd8 28. Nc4 {½-½ Mishra,A (2592)-Amin,B (2680) FIDE Grand Swiss 2023 (8.41)}) ({RR} 13... Ne7 14. d4 Ng6 15. d5 Re8 16. c4 a5 17. bxa5 Nd7 18. Nb3 Nc5 19. Nxc5 Bxc5 20. Be3 Rxa5 21. Bxc5 Rxc5 22. Nd2 Qg5 23. Nb3 Nh4 24. g3 Nf3+ 25. Kg2 Nxe1+ 26. Rxe1 Ra8 27. Nxc5 dxc5 28. Qb3 {½-½ Goryachkina,A (2545)-Bravo De La Vega,A (2193) Titled Tue 2nd Jul Late 2024 (9)}) ({RR} 13... Qd7 14. Rb1 b5 15. Ra1 Rd8 16. Nb3 Bb6 17. Bd2 d5 18. a5 Ba7 19. Be3 Bxe3 20. Rxe3 Qc8 21. Nc5 Ree8 22. Qb3 dxe4 23. dxe4 Nd7 24. Nd3 Nf6 25. Nfe1 Nh7 26. Nc5 Rd6 27. Ned3 Nf8 28. Rc1 {1-0 Navara,D (2719)-Michalik,P (2585) Pardubice Challenge1 rapid 2020 (1.1)}) ({RR} 13... Qd7 14. Nf1 d5 15. Be3 Bxe3 16. Nxe3 Ne7 17. a5 Re8 18. Rad1 Ng6 19. c4 d4 20. Nf5 Ne7 21. N3h4 Nxf5 22. Nxf5 Kh7 23. Qd2 Ng8 24. f4 Ne7 25. Nxe7 R6xe7 26. f5 f6 27. Rb1 c6 28. Qe2 {0-1 Eljanov,P (2672)-Shahade,G (2476) Titled Tuesday intern op 09th Feb blitz 2021 (8)}) 14. Nf1 d5 15. Ng3 Qd7 16. axb5 axb5 17. Be3 dxe4 18. dxe4 Ree8 19. Qe2 Bxe3 20. Qxe3 Rxa1 21. Rxa1 Nb8 22. Nh4 Kh7 23. Nhf5 Re6 24. Nxg7 Ng4 25. Nxe6 1-0

[Event "45th Olympiad 2024"]
[Site "Budapest HUN"]
[Date "2024.09.16"]
[Round "6.19"]
[Board "2"]
[White "Chinguun, Sumiya"]
[Black "Naiditsch, Arkadij"]
[Result "1/2-1/2"]
[WhiteElo "2389"]
[BlackElo "2643"]
[PlyCount "63"]
[EventDate "2024.09.11"]
[WhiteTeam "Mongolia"]
[BlackTeam "Bulgaria"]
[WhiteTeamCountry "MGL"]
[BlackTeamCountry "BUL"]

1. e4 {Shirov,Alexei} c5 2. Nf3 d6 3. d4 cxd4 4. Nxd4 Nf6 5. Nc3 Bd7 6. Bg5 e6 7. Qd2 a6 8. O-O-O h6 9. Bxf6 Qxf6 10. f4 Nc6 11. Nf3 Qd8 ({RR} 11... O-O-O 12. Qe3) 12. g4 ({RR} 12. Kb1) 12... Qa5 ({RR} 12... g5 13. h4) ({RR} 12... Qc7 13. h4 O-O-O 14. Qe3) ({RR} 12... b5 13. Kb1 Qb6 14. Ne2 Qf2 15. Ne1 Be7 16. h4 Qb6 17. Nf3 Na5 18. Ned4 Nc4 19. Bxc4 bxc4 20. c3 Rb8 21. Rh2 h5 22. gxh5 Rxh5 23. Ng5 g6 24. Qe2 e5 25. fxe5 dxe5 26. Nf5 Bxg5 27. Ng7+ {0-1 Talibov,S (2373)-Iskandarov,M (2538) 78th ch-AZE Prelim 2024 (3.5)}) 13. Kb1 ({RR} 13. h4 O-O-O 14. Bg2 g6 ({RR} 14... Be7) ({RR} 14... Qc5) 15. Qe3 Kb8 ({RR} 15... Qc5 16. Qxc5 dxc5 17. e5) ({RR} 15... Be7 16. Nd2) 16. Rd2 Qc7 17. Rhd1 Na5 18. Bf1 Rc8 19. g5 hxg5 20. hxg5 Be8 21. f5 Be7 ({RR} 21... Nc4 22. Bxc4 Qxc4) 22. Nd4 Rh5 23. f6 Bf8 ({RR} 23... Bd8 24. Be2 ({RR} 24. Nb3 Nxb3+ 25. axb3 Qc5) 24... Nc4 25. Bxc4 Qxc4 26. Nb3 Bc7) 24. Be2 Nc4 25. Bxc4 Qxc4 26. Nb3 Qc7 27. Kb1 Bc6 {1-0 Shirov,A (2685)-Dreev,A (2570) Interzonal-16 1993 (13)}) 13... O-O-O 14. Bg2 Be7 15. Qe3 $146 ({RR} 15. Nd4 Nxd4 16. Qxd4 Bf6 17. Qc4+ Bc6 18. e5 d5 19. Qd3 Be7 20. f5 d4 21. Bxc6 dxc3 22. Bd7+ Kb8 23. Qxc3 Bb4 24. Qg3 Bd2 25. fxe6 fxe6 26. Bxe6 Rhe8 27. Bf7 Rxe5 28. Rxd2 Rxd2 29. Re1 Ka8 {0-1 Teodorescu,A (1725)-L'Ami,A (2190) ROM-ch U16 Girls 2001 (10)}) ({RR} 15. Ne2 Qb6 16. h4 Kb8 17. f5 Rc8 18. c3 Na5 19. Ned4 e5 20. Nc2 Nc4 21. Qc1 Qf2 22. Rhg1 Bc6 23. Rdf1 Qc5 24. Re1 d5 25. exd5 Bxd5 26. b3 Nb6 27. c4 Bxf3 28. Bxf3 Bxh4 {0-1 Borys,J (1966)-Smola,M (2204) POL-ch U18 Chotowa 2009 (3)}) 15... g5 16. Rhe1 gxf4 17. Qxf4 Ne5 18. Nxe5 Qxe5 19. Qf2 h5 20. gxh5 Rxh5 21. Qxf7 Bf6 22. Rf1 Rh6 23. Rf3 Be8 24. Qf8 Bg7 25. Qe7 Rh8 26. Bh3 Bh5 27. Rd5 Qxh2 28. Bxe6+ Kb8 29. Rf1 Qg2 30. Rdf5 Rhe8 31. Qg5 Qxg5 32. Rxg5 1/2-1/2

[Event "45th Olympiad 2024"]
[Site "Budapest HUN"]
[Date "2024.09.16"]
[Round "6.19"]
[Board "3"]
[White "Petrov, Martin"]
[Black "Baasansuren, Erdene"]
[Result "1-0"]
[WhiteElo "2536"]
[BlackElo "2368"]
[PlyCount "87"]
[EventDate "2024.09.11"]
[WhiteTeam "Bulgaria"]
[BlackTeam "Mongolia"]
[WhiteTeamCountry "BUL"]
[BlackTeamCountry "MGL"]

1. e4 c5 2. Nf3 d6 3. d4 cxd4 4. Nxd4 Nf6 5. Nc3 a6 6. Be2 e5 7. Nb3 Be7 8. O-O O-O 9. Qd3 Be6 10. Bd2 Nbd7 11. Nd5 Bxd5 12. exd5 a5 13. a4 Qc7 14. c4 Nc5 ({RR} 14... b6 15. Qh3 Nc5 16. Nxc5 bxc5 17. Rae1 Qd7 18. Qxd7 Nxd7 19. Bd1 g6 20. g4 Rfb8 21. b3 g5 22. Kg2 Nf8 23. h4 {½-½ Sokolovsky,Y (2490)-Murzin,V (2632) III Menorca Open 2024 (8.10)}) 15. Nxc5 Qxc5 16. Ra3 $146 ({RR} 16. Kh1 Qc7 17. f4 Nd7 18. Bg4 Nc5 19. Qh3 Bf6 20. Bc3 Qe7 21. Bf5 g6 22. Bc2 exf4 23. Rae1 Be5 24. Rxf4 f5 25. Rh4 Qg7 26. Bxe5 dxe5 27. Qe3 b6 28. Qd2 e4 29. b3 Qf6 30. Rf4 Qb2 {0-1 Nandhidhaa,P (2316)-Xiao,T (2452) SixDays Budapest Sept GM 2023 (6.1)}) 16... Qc7 17. Qh3 Qc8 18. Qd3 Qc7 19. Kh1 Nd7 20. Qh3 Nc5 21. Bd3 e4 22. Bc2 f5 23. g4 Qb6 24. Bc3 fxg4 25. Qxg4 Bf6 26. Rg1 Bxc3 27. Rxc3 Rf7 28. b3 Re8 29. Rh3 Nd7 30. Bxe4 Nf6 31. Bxh7+ Nxh7 32. Qh5 g5 33. Rxg5+ Kf8 34. Qh6+ Ke7 35. Re5+ Kd7 36. Rxe8 Kxe8 37. Qe6+ Kf8 38. Qc8+ Ke7 39. Qe6+ Kf8 40. Qc8+ Ke7 41. Re3+ Kf6 42. Rf3+ Kg7 43. Rg3+ Kf6 44. Qe6# 1-0

[Event "45th Olympiad 2024"]
[Site "Budapest HUN"]
[Date "2024.09.16"]
[Round "6.19"]
[Board "4"]
[White "Munkhdalai, Amilal"]
[Black "Grigorov, Grigor"]
[Result "1/2-1/2"]
[WhiteElo "2374"]
[BlackElo "2514"]
[PlyCount "74"]
[EventDate "2024.09.11"]
[WhiteTeam "Mongolia"]
[BlackTeam "Bulgaria"]
[WhiteTeamCountry "MGL"]
[BlackTeamCountry "BUL"]

1. e4 e5 2. Nf3 Nc6 3. Bb5 a6 4. Ba4 Nge7 5. d4 exd4 6. Nxd4 Nxd4 7. Qxd4 Nc6 8. Bxc6 dxc6 9. Qxd8+ Kxd8 10. Nc3 Be6 11. Bg5+ $146 ({RR} 11. Be3 Kc8 12. h4 h5 13. Ne2 Bd6 14. f3 b6 15. Kf2 Kb7 16. Nd4 Bd7 17. Nf5 Bf8 18. Rhd1 Be6 19. Nd4 Bd7 20. Nf5 Be6 21. a4 a5 22. Nd4 Bd7 23. Nf5 Be6 24. Rd2 Re8 25. Rad1 g6 {½-½ Hovhannisyan,R (2611)-Murzin,V (2650) Stepan Avagyan Mem 2024 (4.2)}) 11... f6 12. O-O-O+ Kc8 13. Bd2 Bc5 14. f3 a5 15. b3 b6 16. Ne2 Re8 17. Bc3 Bd6 18. Nd4 Bd7 19. g4 c5 20. Nf5 Bf8 21. Kb1 a4 22. h4 axb3 23. axb3 c4 24. bxc4 Bxf5 25. exf5 Ra4 26. Rhe1 Rxe1 27. Rxe1 Bb4 28. Bxb4 Rxb4+ 29. Kc1 Kd7 30. Re4 Ra4 31. Kb2 Rb4+ 32. Ka2 Ra4+ 33. Kb3 Ra1 34. Rd4+ Kc6 35. h5 Rf1 36. Rd3 h6 37. Kb2 Re1 1/2-1/2

[Event "45th Olympiad 2024"]
[Site "Budapest HUN"]
[Date "2024.09.16"]
[Round "6.20"]
[Board "1"]
[White "Mohammad Fahad, Rahman"]
[Black "Kozak, Adam"]
[Result "1/2-1/2"]
[WhiteElo "2419"]
[BlackElo "2609"]
[PlyCount "78"]
[EventDate "2024.09.11"]
[WhiteTeam "Bangladesh"]
[BlackTeam "Hungary B"]
[WhiteTeamCountry "BAN"]

1. e4 c5 2. Nf3 d6 3. d4 cxd4 4. Nxd4 Nf6 5. Nc3 Nc6 6. Be2 g6 7. O-O Bg7 8. Nb3 O-O 9. Be3 a6 10. a4 Be6 11. f3 d5 12. exd5 Nxd5 13. Nxd5 Bxd5 14. c3 Rc8 $146 ({RR} 14... e5 15. a5 Ne7 16. Bb6 Qd7 17. Nc5 Qc8 18. Qe1 Bc6 19. Bd3 Nd5 20. Na4 Bxa4 21. Rxa4 Nxb6 22. axb6 Qd8 23. Qe3 Re8 24. Bc4 Rc8 25. Bb3 Rc6 26. Rb4 Bf8 27. Rd1 Bc5 28. Qxc5 Rxc5 {0-1 Popovic,M-Svetac,N (2322) Belgrade Summer op 2009 (1)}) ({RR} 14... Be6 15. Nc5 Bc8 16. a5 Qc7 17. Qa4 Nxa5 18. Qxa5 b6 19. Qb4 bxc5 20. Bxc5 Rb8 21. Qa3 Re8 22. Rfe1 Be5 23. h3 Rxb2 24. Qxb2 Qxc5+ 25. Kh1 Qxc3 26. Qxc3 Bxc3 27. Bxa6 Bxa6 {0-1 Yarullina,A (2084)-Sriniaiyer,S (2296) Titled Tue 25th Jul Early 2023 (5)}) 15. Re1 Qd6 16. Bf1 Ne5 17. Bd4 Rfd8 18. Nd2 Bc6 19. Kh1 Bh6 20. Nc4 Nxc4 21. Bxc4 e6 22. Qe2 Bg7 23. Bf2 Qf4 24. Be3 Qh4 25. Bb6 Rd6 26. a5 Bf6 27. Red1 Rxd1+ 28. Rxd1 Kg7 29. Bd3 Qf4 30. Re1 Bd8 31. Bd4+ Bf6 32. Bb6 Bd8 33. Bd4+ Kg8 34. Be5 Qh4 35. b4 Bf6 36. Bg3 Qg5 37. c4 Rd8 38. b5 Be8 39. Bc7 Rc8 1/2-1/2

[Event "45th Olympiad 2024"]
[Site "Budapest HUN"]
[Date "2024.09.16"]
[Round "6.20"]
[Board "2"]
[White "Banusz, Tamas"]
[Black "Manon, Reja Neer"]
[Result "1-0"]
[WhiteElo "2605"]
[BlackElo "2417"]
[PlyCount "75"]
[EventDate "2024.09.11"]
[WhiteTeam "Hungary B"]
[BlackTeam "Bangladesh"]
[BlackTeamCountry "BAN"]

1. Nf3 Nf6 2. g3 b5 3. Bg2 Bb7 4. O-O e6 5. d3 Be7 6. e4 d6 7. Nd4 a6 8. Nb3 c6 ({RR} 8... c5 9. e5 Bxg2 10. exf6 Bxf1 11. fxe7 Qxe7 12. Qxf1 Nc6 13. Be3 O-O 14. Nc3 f5 15. Qg2 Rac8 16. a3 Qf6 17. Rd1 Nd4 18. f4 Rfe8 19. Bxd4 cxd4 20. Na2 Qd8 21. Rf1 Qb6 22. Qf2 e5 23. c3 {1-0 Aronian,L (2801)-Ipatov,A (2630) WchT 9th Antalya 2013 (7.1)}) ({RR} 8... e5 9. f4 a5 10. a4 bxa4 11. Rxa4 c5 12. fxe5 dxe5 13. Be3 Bc6 14. Ra1 Nbd7 15. Nc3 a4 16. Nd2 Nb6 17. h3 O-O 18. g4 Nfd7 19. Nf3 Qc7 20. g5 c4 21. d4 exd4 22. Nxd4 Bc5 23. Kh1 {1-0 Amin,B (2667)-Chitre Arush (2235) ch-HUN Blitz 2024 (5.11)}) 9. d4 Nbd7 10. a4 c5 $146 ({RR} 10... O-O 11. Re1 Qc7 12. g4 h6 13. h4 Nh7 14. g5 hxg5 15. hxg5 Nxg5 16. f4 Nh7 17. Nc3 b4 18. Ne2 c5 19. Ng3 cxd4 20. Nxd4 Rac8 21. Kh1 Qa5 22. Nf3 Ndf6 23. f5 exf5 24. Nxf5 Rfe8 25. Ng5 {0-1 Ter Sahakyan,S (2640)-Piliposyan,R (2161) Titled Arena Mar 6th blitz 2021}) 11. e5 Nd5 12. exd6 Bxd6 13. axb5 axb5 14. Na3 c4 15. Nxb5 Be7 16. Rxa8 Bxa8 17. Nd2 Qa5 18. Na3 c3 19. Ndc4 Qa6 20. Qd3 Bxa3 21. Nxa3 Qxd3 22. cxd3 cxb2 23. Bxb2 O-O 24. Nc4 N5b6 25. f3 Bd5 26. Ne3 Bb7 27. Ba3 Ra8 28. Bc5 Na4 29. Rb1 Bc6 30. Rc1 Rc8 31. Bb4 Nab6 32. d5 Nxd5 33. Nxd5 exd5 34. Bh3 Bb7 35. Re1 Bc6 36. Re7 f5 37. Bxf5 Rd8 38. Be6+ 1-0

[Event "45th Olympiad 2024"]
[Site "Budapest HUN"]
[Date "2024.09.16"]
[Round "6.20"]
[Board "3"]
[White "Hossain, Enamul"]
[Black "Antal, Gergely"]
[Result "1/2-1/2"]
[WhiteElo "2354"]
[BlackElo "2544"]
[PlyCount "84"]
[EventDate "2024.09.11"]
[WhiteTeam "Bangladesh"]
[BlackTeam "Hungary B"]
[WhiteTeamCountry "BAN"]

1. e4 c5 2. Nf3 Nc6 3. d4 cxd4 4. Nxd4 Nf6 5. Nc3 e5 6. Ndb5 d6 7. Bg5 a6 8. Na3 b5 9. Bxf6 gxf6 10. Nd5 f5 11. c3 Bg7 12. exf5 Bxf5 13. Nc2 O-O 14. Nce3 Bd7 15. Bd3 f5 16. Qh5 e4 17. Bc2 Kh8 ({RR} 17... Qe8 18. Qh4 b4 19. O-O bxc3 20. bxc3 Ne5 21. f3 Ng6 22. Qh5 Rc8 23. fxe4 fxe4 24. Rxf8+ Nxf8 25. Qh4 Ng6 26. Nf6+ Kf8 27. Nxh7+ Kg8 28. Nf6+ Bxf6 29. Qxf6 Kh7 30. Rf1 Qe6 31. Qd4 Bc6 32. Bb3 {1-0 Antal,G (2465)-Todorovic,G (2467) Budapest FS10 GM 2002 (11)}) 18. O-O Qe8 $146 ({RR} 18... b4 19. f3 Qe8 20. Qxe8 Raxe8 21. fxe4 bxc3 22. bxc3 Ne7 23. exf5 Nxd5 24. Nxd5 Re2 25. Bd3 Rd2 26. f6 Bh6 27. Rfd1 Rb2 28. Bxa6 Ra8 29. Bc4 Ra4 30. Bb3 Rg4 31. g3 Bc6 32. Rab1 Re2 33. Re1 {1-0 Velicka,P (2437)-Atakisi,U (2358) EU-ch 3rd Batumi 2002 (8)}) ({RR} 18... Ne5 19. f3 exf3 20. Nxf5 Be8 21. Qh3 Qg5 22. Nxd6 Bh5 23. Ne4 Qxg2+ 24. Qxg2 fxg2 25. Rxf8+ Rxf8 26. Kxg2 Bf3+ 27. Kg1 Bh6 28. Ndf6 Be3+ {0-1 Ruck,T (2265)-Peter,A (2335) HUN-chT 9596 1995 (12)}) 19. Qh4 ({RR} 19. Qxe8 Raxe8 20. f4 exf3 21. Rxf3 f4 22. Nxf4 Rxe3 23. Ng6+ hxg6 24. Rxe3 Ne5 25. Bb3 Bf5 26. Rd1 Rd8 27. a4 bxa4 28. Bxa4 Nc4 29. Re8+ Rxe8 30. Bxe8 Be5 31. Ra1 Nxb2 32. Rxa6 Kg7 33. Bb5 Nd1 {0-1 Golubev,M (2461)-Caruana,F (2804) Titled Tue 6th Feb Early 2024 (3)}) 19... Ne5 20. Nb6 Ra7 21. Nxd7 Rxd7 22. Qh3 d5 23. f3 f4 24. Nf5 Ng6 25. Rae1 e3 26. Nxe3 Re7 27. Bxg6 Qxg6 28. Nxd5 Rxe1 29. Rxe1 Qc2 30. Qh4 Qxb2 31. h3 Bxc3 32. Re7 Bg7 33. Kh2 Qd4 34. Qg5 Bf6 35. Nxf6 Qxf6 36. Qxf6+ Rxf6 37. h4 Rc6 38. Ra7 h5 39. a3 Kg8 40. Kh3 Rd6 41. Kh2 Rc6 42. Kh3 Rd6 1/2-1/2

[Event "45th Olympiad 2024"]
[Site "Budapest HUN"]
[Date "2024.09.16"]
[Round "6.20"]
[Board "4"]
[White "Papp, Gabor1"]
[Black "Murshed, Niaz"]
[Result "0-1"]
[WhiteElo "2550"]
[BlackElo "2318"]
[PlyCount "124"]
[EventDate "2024.09.11"]
[WhiteTeam "Hungary B"]
[BlackTeam "Bangladesh"]
[BlackTeamCountry "BAN"]

1. e4 e5 2. Nf3 Nc6 3. Bc4 Bc5 4. d3 Nf6 5. Bg5 h6 6. Bh4 g5 7. Bg3 d6 8. c3 Qe7 9. Nbd2 a6 10. a4 Ba7 11. O-O Nh7 12. b4 h5 ({RR} 12... Nf8 13. b5 Na5 14. Bd5 Bb6 15. d4 Ng6 16. h3 h5 17. Kh1 g4 18. Ng1 exd4 19. Qc2 Rg8 20. f4 gxh3 21. gxh3 Nf8 22. Bh2 Be6 23. bxa6 c6 24. axb7 Qxb7 25. Bxe6 fxe6 26. cxd4 Bxd4 27. Rab1 {0-1 Vaishali,R (2506)-Muzychuk,M (2508) Tbilisi WGP 2024 (5.4)}) 13. h4 g4 14. Ne1 Nf8 15. Nc2 $146 ({RR} 15. b5 Nd8 16. d4 Ng6 17. Nd3 Nxh4 18. dxe5 Ng6 19. exd6 cxd6 20. e5 d5 21. Bxd5 h4 22. Bf4 Nxf4 23. Nxf4 g3 {0-1 Kosteniuk,A (2546)-Barp,A (2424) Titled Tuesday intern op 2nd April blitz 2019 (10)}) 15... Ng6 16. Ne3 Be6 17. d4 exd4 18. Nf5 Qf6 19. b5 Nce5 20. Bxe6 fxe6 21. Nxd4 a5 22. Qb3 Kd7 23. Rad1 Raf8 24. Nc4 Nxc4 25. Qxc4 Bb6 26. Kh1 Ne5 27. Qa2 Rhg8 28. Rfe1 Rg6 29. Re2 Kc8 30. Qb3 Re8 31. Qa2 Rgg8 32. Qb3 Rg6 33. Qa2 Kb8 34. Qb3 Rgg8 35. Qa2 Rg6 36. Qb3 Ka7 37. Qa2 Rgg8 38. Qb3 Rgf8 39. Qa2 Ng6 40. Qc4 Qe7 41. Rde1 Ne5 42. Qa2 Ng6 43. Rd1 Kb8 44. Rc1 Rf7 45. Kg1 Nxh4 46. Qxe6 Qxe6 47. Nxe6 Ng6 48. Nd4 h4 49. Bh2 Rfe7 50. Rce1 Kc8 51. Kf1 Rf7 52. Nf5 d5 53. Nh6 g3 54. Bg1 Rff8 55. f3 h3 56. gxh3 Rxf3+ 57. Kg2 Nh4+ 58. Kh1 Rxe4 59. Rxe4 dxe4 60. Bxb6 cxb6 61. Ng4 g2+ 62. Kh2 Rf1 0-1